A rozsnyói lövöldeügy

Bibliographic Details
Main Author: Kiss, Antal (Author)
Format: Article
Language:Hungarian
Slovak
Subjects:

MARC

LEADER 00000nab a2200000 a 4500
001 vtls000997467
003 SK-MaSNL
005 20260319073859.0
008 040720e18750000xo 0 hun
035 |a RVH87 
040 |a RVGKPD  |b slo  |c RVGKPD  |e AACR2 
041 0 |a slo 
044 |a xo  |c SK 
080 |a 623.591  |2 1981 
100 1 |a Kiss, Antal  |4 aut  |9 1024885 
245 1 0 |a A rozsnyói lövöldeügy 
650 0 7 |a strelnice  |2 RVGKPD  |9 29924 
651 7 |a Rožňava (Slovensko)  |2 RVGKPD  |9 17394 
655 7 |a periodikum  |2 snkbucl  |9 29553 
773 0 8 |t Rozsnyói Hiradó  |g Roč. 3, č.3, 17.01.1875, s. 1, 2 
852 |a ZVYKNI  |b KIS3GCP 
999 |c 1683113  |d 1685043